|
|
|
|
| LEADER |
00000nam0a2200000 4500 |
| 001 |
208100 |
| 005 |
20231101225436.0 |
| 010 |
|
|
|a 9785903090716
|
| 035 |
|
|
|a (RuTPU)RU\TPU\book\227137
|
| 090 |
|
|
|a 208100
|
| 100 |
|
|
|a 20120131d2012 m y0rusy50 ca
|
| 101 |
0 |
|
|a rus
|
| 102 |
|
|
|a RU
|
| 105 |
|
|
|a a j 001zy
|
| 200 |
1 |
|
|a Общая биология и микробиология
|e учебное пособие
|f А. Ю. Просеков [и др.]
|
| 210 |
|
|
|a СПб.
|c Проспект Науки
|d 2012
|
| 215 |
|
|
|a 320 с.
|c ил.
|
| 320 |
|
|
|a Список рекомендуемой литературы: с. 318-319.
|
| 330 |
|
|
|a Рассмотрены основные понятия и определения общей биологии и микробиологии. Раскрыты вопросы о структуре и функциях живых систем, общих закономерностях и различиях в проявлении жизнедеятельности макро- и микроорганизмов, использовании микроорганизмов в биотехнологических производствах. Предназначено для студентов профильных вузов.
|
| 606 |
1 |
|
|a Биология общая
|2 stltpush
|3 (RuTPU)RU\TPU\subj\67323
|9 83167
|
| 606 |
1 |
|
|a Микробиология
|2 stltpush
|3 (RuTPU)RU\TPU\subj\42262
|9 61949
|
| 610 |
1 |
|
|a учебные пособия
|
| 610 |
1 |
|
|a живая материя
|
| 610 |
1 |
|
|a живые клетки
|
| 610 |
1 |
|
|a живые организмы
|
| 610 |
1 |
|
|a жизненный цикл
|
| 610 |
1 |
|
|a размножение
|
| 610 |
1 |
|
|a генетический материал
|
| 610 |
1 |
|
|a передача
|
| 610 |
1 |
|
|a эволюция
|
| 610 |
1 |
|
|a экология
|
| 610 |
1 |
|
|a микроорганизмы
|
| 610 |
1 |
|
|a прокариоты
|
| 610 |
1 |
|
|a эукариоты
|
| 610 |
1 |
|
|a бактериальные клетки
|
| 610 |
1 |
|
|a питание
|
| 610 |
1 |
|
|a метаболизм
|
| 610 |
1 |
|
|a вирусы
|
| 610 |
1 |
|
|a культивирование
|
| 610 |
1 |
|
|a рост
|
| 610 |
1 |
|
|a природа
|
| 610 |
1 |
|
|a хозяйственная деятельность
|
| 675 |
|
|
|a 573(075.8)
|v 3
|
| 675 |
|
|
|a 579(075.8)
|v 3
|
| 701 |
|
1 |
|a Просеков
|b А. Ю.
|g Александр Юрьевич
|
| 701 |
|
1 |
|a Солдатова
|b Л. С.
|g Любовь Сергеевна
|
| 701 |
|
1 |
|a Разумникова
|b И. С.
|g Ирина Сергеевна
|
| 701 |
|
1 |
|a Козлова
|b О. В.
|g Оксана Васильевна
|
| 801 |
|
1 |
|a RU
|b 63413507
|c 20120131
|
| 801 |
|
2 |
|a RU
|b 63413507
|c 20220831
|g RCR
|
| 900 |
|
|
|a Общая биология и микробиология
|
| 942 |
|
|
|c BK
|
| 951 |
|
|
|b 240700
|
| 959 |
|
|
|a 9/20120131
|d 5
|e 680,00
|f ЧЗТЛ:1
|f АНЛ:1
|f УФ:3
|
| 959 |
|
|
|a 83/20120528
|d 5
|e 680,00
|f ЧЗТЛ:1
|f АНЛ:1
|f УФ:3
|